LEADER 01463nam a2200325 i 4500 001 000000172789 003 CaOOAMICUS 005 20230118150706.0 008 080626s1998 it u000 u ita u 020 $a88-16-40472-8 040 $aSeMil$bita 100 1 $aManti, Roberta.$0(OLS)http://semarc/name/64580 245 10$aTrent'anni senza :$bstoria di donna /$cRoberta Manti ; prefazione di Giorgio Pietrostefani. 260 $aMilano :$bJaca Book,$c1998. 264 1$aSanta Croce sull'Arno (Pisa) :$bCircolo il Grandevetro,$c1998. 300 $a94 p. ;$c23 cm. 490 1 $aDi fronte e attraverso ;$v472 490 1 $aI senza-storia 650 4$aTossicomani - Diari e memorie.$0(OLS)http://semarc/subject/20160 700 1 $aPietrostefani, Giorgio.$0(OLS)http://semarc/name/50656 830 2$aI senza-storia.$0(OLS)http://semarc/title/25915 830 0$aDi fronte e attraverso ;$v472.$0(OLS)http://semarc/title/6486 850 $aSeMil 852 $aSeMil$W1$xVenegono$y1$m1A IV 248$j236531$B123641$CSeMilBibl$Z2$F134730 $81 961 $aOmaggio: Biblioteca Ambrosiana 996 $6020$a88-16-40472-8$9(OLS)http://semarc/number/160302 996 $6245$aTrent'anni senza :$bstoria di donna$9(OLS)http://semarc/title/247519 996 $6260$aMilano :$bJaca Book$9(OLS)http://semarc/publisher/29781 996 $6264$aSanta Croce sull'Arno (Pisa) :$bCircolo il Grandevetro$9(OLS)http://semarc/publisher/35182 LEADER 01856nam a2200301 i 4500 001 000000252578 003 CaOOAMICUS 005 20220929125801.0 008 170119s1740 it u000 u ita u 013 $a231483 026 $ao,ne o.el ino. coSt (3) 1740 (R) 040 $aSeMil$bita 110 2 $aCollegio dei giudici, conti e cavalieri .$0(OLS)http://semarc/name/94062 245 10$aSolenni congratulazioni degl'illustrissimi signori abbati, e collegio de' signori giuriconsulti, ... per l'esaltazione al trono arcivescovile di Milano, ed alla sagra porpora, e per il ricevimento dell'am.mo sig.r cardinale Carlo Gaetano Stampa .. 260 $aIn Milano :$bPer Pietro Antonio Frigerio, Allievo del Gagliardi, e Nava, stampatore del detto Illustrissimo Collegio,$c1740. 300 $a68 p. ;$c4°. 500 $aFregi, iniz. xilogr. 500 $aSegn.: A-H4 I2 650 4$aMilano (Arcidiocesi) - Storia religiosa.$0(OLS)http://semarc/subject/4381 650 4$aVescovi milanesi - Celebrativi.$0(OLS)http://semarc/subject/46465 700 1 $aStampa, Carlo Gaetano.$0(OLS)http://semarc/name/58522 700 1 $aFrigerio, Pietro Antonio,$c.$0(OLS)http://semarc/name/25676 773 0 $t[Opuscoli diversi].$w()4310 850 $aSeMil 852 $aSeMil$W1$xVenegono$y1$m3O VII 5/10 FA$j202924$B202924$CSeMilBibl$Z2$F215641 $8I 996 $6245$aSolenni congratulazioni degl'illustrissimi signori abbati, e collegio de' signori giuriconsulti, ... per l'esaltazione al trono arcivescovile di Milano, ed alla sagra porpora, e per il ricevimento dell'am.mo sig.r cardinale Carlo Gaetano Stampa ..$9(OLS)http://semarc/title/410045 996 $6260$aIn Milano :$bPer Pietro Antonio Frigerio, Allievo del Gagliardi, e Nava, stampatore del detto Illustrissimo Collegio$9(OLS)http://semarc/publisher/57463